[Event "Panevezys op-A"]
[Site "Panevezys"]
[Date "2017.07.05"]
[Round "4"]
[White "Tokranovs, Dmitrijs"]
[Black "Drugov, Pavel"]
[Result "1/2-1/2"]
[WhiteElo "2325"]
[BlackElo "2302"]
[PlyCount "232"]
[EventDate "2017.07.03"]
[EventType "swiss"]
[EventRounds "9"]
[EventCountry "LTU"]
[SourceTitle "CBM 179 Extra"]
[Source "ChessBase"]
[SourceDate "2017.08.23"]
[SourceVersion "1"]
[SourceVersionDate "2017.08.23"]
[SourceQuality "1"]

1. e4 c6 2. d4 d5 3. exd5 cxd5 4. c4 Nf6 5. Nc3 e6 6. c5 Ne4 7. Nge2 Nc6 8. a3 e5 9. Nxe4 dxe4 10. d5 Bxc5 11. Nc3 Nd4 12. Bc4 0-0 13. 0-0 f5 14. Be3 Bd7 15. Rc1 Rc8 16. Ba2 Qf6 17. Kh1 Rfd8 18. Qd2 Qg6 19. b4 Bb6 20. Bg5 Re8 21. a4 f4 22. a5 Qxg5 23. axb6 Qh5 24. f3 exf3 25. gxf3 axb6 26. Qd3 Kh8 27. d6 Bf5 28. Qd1 Red8 29. Bd5 Rxd6 30. Bxb7 Rh6 31. Rf2 Qh4 32. Ra2 Rd8 33. Qe1 Qg3 34. Qf1 Qh3 35. Qf2 Bd3 36. Rd1 Bc4 37. Rad2 Bb3 38. Re1 Qd7 39. Be4 Qe7 40. b5 Qb4 41. Rc1 Rc8 42. Na2 Rxc1+ 43. Nxc1 Qxb5 44. Nxb3 Qxb3 45. Ra2 g5 46. Ra7 g4 47. fxg4 Qd1+ 48. Qg1 Qxg1+ 49. Kxg1 Rh4 50. Re7 Rxg4+ 51. Kf1 Rh4 52. Rxe5 Rxh2 53. Re7 Ne2 54. Bf3 Ng3+ 55. Kg1 Rd2 56. Rb7 Rb2 57. Rf7 Rb4 58. Kg2 b5 59. Bc6 Ne2 60. Rb7 Nc3 61. Kf3 h5 62. Be8 h4 63. Kg4 Rb2 64. Bc6 b4 65. Kxh4 Rb1 66. Kg4 Ne2 67. Be4 Rb3 68. Bf3 Ng1 69. Bd5 Rd3 70. Rxb4 Rxd5 71. Rxf4 Kg7 72. Re4 Rd2 73. Ra4 Ne2 74. Kf5 Rd5+ 75. Kg4 Kf6 76. Rb4 Ke5 77. Ra4 Nd4 78. Ra1 Nc2 79. Ra4 Ne3+ 80. Kf3 Nf5 81. Re4+ Kf6 82. Ra4 Re5 83. Kf4 Ng7 84. Kf3 Ne6 85. Kg4 Rg5+ 86. Kf3 Rf5+ 87. Kg4 Rf1 88. Ra6 Ke5 89. Ra5+ Ke4 90. Ra4+ Nd4 91. Kg5 Rf8 92. Kg6 Rf2 93. Kg5 Rf5+ 94. Kg4 Rd5 95. Ra8 Nc6 96. Ra4+ Ke5 97. Ra1 Rd4+ 98. Kg5 Re4 99. Ra8 Nd4 100. Ra5+ Kd6 101. Ra6+ Nc6 102. Kf5 Re5+ 103. Kf4 Re8 104. Ra1 Kd5 105. Rd1+ Nd4 106. Kg5 Re4 107. Ra1 Ne6+ 108. Kf6 Rf4+ 109. Ke7 Nc5 110. Rd1+ Ke5 111. Re1+ Ne4 112. Ra1 Nf6 113. Re1+ Kf5 114. Kd6 Rd4+ 115. Kc5 Rd8 116. Kc4 Ne4 1/2-1/2

[Event "Orsha op"]
[Site "Orsha"]
[Date "2015.01.24"]
[Round "8"]
[White "Skliarov, Viktor"]
[Black "Drugov, Pavel"]
[Result "1/2-1/2"]
[WhiteElo "2304"]
[BlackElo "2328"]
[PlyCount "101"]
[EventDate "2015.01.19"]
[EventType "swiss"]
[EventRounds "9"]
[EventCountry "BLR"]
[SourceTitle "CBM 164 Extra"]
[Source "ChessBase"]
[SourceDate "2015.03.02"]
[SourceVersion "1"]
[SourceVersionDate "2015.03.02"]
[SourceQuality "1"]

1. e4 c6 2. d4 d5 3. e5 Bf5 4. Nc3 e6 5. g4 Bg6 6. Nge2 f6 7. Nf4 Bf7 8. Nd3 Nd7 9. Be3 Qc7 10. f4 0-0-0 11. Qd2 g5 12. 0-0-0 h5 13. exf6 Ngxf6 14. fxg5 Nxg4 15. Bg1 e5 16. h3 exd4 17. Nb5 cxb5 18. hxg4 Bg7 19. Bh2 Ne5 20. Be2 hxg4 21. Bxg4+ Kb8 22. Bf5 Nxd3+ 23. Bxd3 Be5 24. Bxe5 Qxe5 25. Rhf1 Bh5 26. Rde1 Qg7 27. Qf4+ Ka8 28. Qf6 Rhg8 29. Qxg7 Rxg7 30. Re5 a6 31. g6 Bxg6 32. Rg1 Rdg8 33. Reg5 Bxd3 34. Rxg7 Rxg7 35. Rxg7 Be4 36. Kd2 a5 37. Re7 Ka7 38. Re6 b4 39. Rh6 b6 40. Rf6 Ka6 41. Rf1 Kb5 42. Rd1 Kc5 43. Kc1 Kc4 44. Kd2 Kc5 45. b3 Kb5 46. Kc1 Kc5 47. Rd2 Bg6 48. Kd1 Bh5+ 49. Ke1 Bg6 50. Kd1 Bh5+ 51. Kc1 1/2-1/2

[Event "Keres Memorial-A"]
[Site "Tallinn"]
[Date "2013.01.17"]
[Round "7"]
[White "Agopov, Mikael"]
[Black "Drugov, Pavel"]
[Result "1/2-1/2"]
[WhiteElo "2429"]
[BlackElo "2316"]
[PlyCount "113"]
[EventDate "2013.01.13"]
[EventType "tourn"]
[EventRounds "9"]
[EventCountry "EST"]
[EventCategory "4"]
[SourceTitle "CBM 152 Extra"]
[Source "ChessBase"]
[SourceDate "2013.02.25"]
[SourceVersion "1"]
[SourceVersionDate "2013.02.25"]
[SourceQuality "1"]

1. e4 e5 2. Nf3 Nf6 3. Nxe5 d6 4. Nf3 Nxe4 5. d4 d5 6. Bd3 Be7 7. 0-0 0-0 8. Re1 Bf5 9. c4 c6 10. Qc2 Bg6 11. Ne5 Bf6 12. Nxg6 hxg6 13. Nc3 Bxd4 14. Nxe4 dxe4 15. Bxe4 Na6 16. Be3 Bxe3 17. Rxe3 Nc5 18. Bf3 Re8 19. Qe2 Rxe3 20. Qxe3 Ne6 21. Rd1 Qb6 22. Qxb6 axb6 23. a3 Rd8 24. Rxd8+ Nxd8 25. Bg4 f5 26. Bd1 Ne6 27. g3 Kf7 28. f4 g5 29. fxg5 Nxg5 30. Kf2 Kf6 31. Ke3 Ke5 32. Bh5 Ne4 33. Bf3 Nd6 34. Kd3 g5 35. b4 g4 36. Bh1 b5 37. cxb5 cxb5 38. Bg2 Ne4 39. Ke3 b6 40. Kd3 Nf2+ 41. Ke2 Ne4 42. Kd3 Kd5 43. Ke3 Ke5 44. Bf1 Nc3 45. Bd3 Nd5+ 46. Ke2 f4 47. Kf2 Nc3 48. gxf4+ Kxf4 49. Kg2 Nd5 50. Bxb5 Ne3+ 51. Kf2 Nc2 52. Bd3 Nxa3 53. Ke2 Ke5 54. Ke3 b5 55. Be2 Nc2+ 56. Kd2 Nxb4 57. Bxg4 1/2-1/2

[Event "Keres Memorial-A"]
[Site "Tallinn"]
[Date "2013.01.16"]
[Round "6"]
[White "Drugov, Pavel"]
[Black "Shvyrjov, Igor"]
[Result "1/2-1/2"]
[WhiteElo "2316"]
[BlackElo "2470"]
[PlyCount "37"]
[EventDate "2013.01.13"]
[EventType "tourn"]
[EventRounds "9"]
[EventCountry "EST"]
[EventCategory "4"]
[SourceTitle "CBM 152 Extra"]
[Source "ChessBase"]
[SourceDate "2013.02.25"]
[SourceVersion "1"]
[SourceVersionDate "2013.02.25"]
[SourceQuality "1"]

1. d4 d5 2. c4 c6 3. Nf3 Nf6 4. cxd5 cxd5 5. Nc3 Nc6 6. Bf4 e6 7. e3 Bd6 8. Bxd6 Qxd6 9. Bd3 0-0 10. 0-0 Bd7 11. Rc1 Rfc8 12. e4 dxe4 13. Nxe4 Nxe4 14. Bxe4 h6 15. d5 exd5 16. Bxd5 Be8 17. Re1 Kf8 18. a3 Rd8 19. Be4 1/2-1/2

[Event "Yerevan Spring"]
[Site "Yerevan"]
[Date "2012.03.15"]
[Round "8"]
[White "Kalashian, David"]
[Black "Drugov, Pavel"]
[Result "1-0"]
[WhiteElo "2418"]
[BlackElo "2342"]
[PlyCount "127"]
[EventDate "2012.03.10"]
[EventType "tourn"]
[EventRounds "9"]
[EventCountry "ARM"]
[EventCategory "2"]
[SourceTitle "CBM 147 Extra"]
[Source "ChessBase"]
[SourceDate "2012.04.24"]
[SourceVersion "1"]
[SourceVersionDate "2012.04.24"]
[SourceQuality "1"]

1. d4 Nf6 2. c4 c5 3. Nf3 cxd4 4. Nxd4 e5 5. Nb5 d5 6. cxd5 Bc5 7. N5c3 0-0 8. g3 e4 9. Bg2 Re8 10. 0-0 Bf5 11. e3 Nbd7 12. a3 Ne5 13. Nd2 Bg4 14. Qa4 Bf3 15. Ncxe4 Nxe4 16. Nxf3 Nxf3+ 17. Bxf3 Qxd5 18. Rd1 Qf5 19. Bxe4 Rxe4 20. Qd7 Qf3 21. Rd5 Re7 22. Qf5 Qxf5 23. Rxf5 Bd6 24. Rd5 Be5 25. Rb1 g6 26. Bd2 Rc8 27. Bb4 Re6 28. Rd2 f5 29. Rbd1 Rb6 30. Rd8+ Rxd8 31. Rxd8+ Kf7 32. Bc5 Rxb2 33. Bxa7 g5 34. Bc5 f4 35. Rf8+ Ke6 36. Re8+ Kf6 37. Rf8+ Ke6 38. gxf4 gxf4 39. exf4 Bd6 40. Bxd6 Kxd6 41. Re8 b5 42. Kg2 b4 43. axb4 Rxb4 44. Kg3 Kd7 45. Rh8 Ke6 46. Rxh7 Kf5 47. Rh5+ Kg6 48. Rc5 Rb1 49. h4 Rg1+ 50. Kh2 Rf1 51. Kg2 Ra1 52. Rg5+ Kf6 53. h5 Ra4 54. Rg4 Ra8 55. Rh4 Rh8 56. h6 Rh7 57. Kf3 Kf7 58. Kg4 Kg6 59. f5+ Kf6 60. f3 Kf7 61. Kg5 Rh8 62. h7 Kg7 63. f6+ Kf7 64. f4 1-0

[Event "Puhajarve rap op 12th"]
[Site "Puhajarve"]
[Date "2011.11.25"]
[Round "23"]
[White "Drugov, Pavel"]
[Black "Kortschnoj, Viktor Lvovich"]
[Result "0-1"]
[WhiteElo "2348"]
[BlackElo "2567"]
[PlyCount "90"]
[EventDate "2011.11.25"]
[EventType "tourn (rapid)"]
[EventRounds "29"]
[EventCountry "EST"]
[SourceTitle "CBM 145 Extra"]
[Source "ChessBase"]
[SourceDate "2012.01.03"]
[SourceVersion "1"]
[SourceVersionDate "2012.01.03"]
[SourceQuality "1"]

1. Nf3 d5 2. c4 d4 3. e3 c5 4. exd4 cxd4 5. b4 f6 6. c5 a5 7. Bc4 axb4 8. Qb3 e6 9. 0-0 Bxc5 10. Bxe6 Bxe6 11. Qxe6+ Ne7 12. Qc4 Qd5 13. Qb5+ Nbc6 14. Bb2 0-0 15. a3 bxa3 16. Nxa3 Ra5 17. Qc4 Bxa3 18. Qxd5+ Nxd5 19. Rxa3 Rxa3 20. Bxa3 Ra8 21. Bc5 Ra4 22. h3 Rc4 23. Bd6 b5 24. Re1 Kf7 25. Re4 d3 26. Re1 b4 27. Rb1 Ke6 28. Bf8 g5 29. Rb3 Nf4 30. g3 Ne2+ 31. Kg2 Nc1 32. Rb1 Kd5 33. Bg7 Ke6 34. h4 g4 35. Ne1 Kf7 36. Bh6 b3 37. Bf4 Ke6 38. f3 gxf3+ 39. Kxf3 Kd5 40. Ke3 Re4+ 41. Kf2 Rc4 42. Ke3 Nd4 43. Nxd3 Nc2+ 44. Kf3 Nxd3 45. Rxb3 Nd4+ 0-1

[Event "Puhajarve rap op 12th"]
[Site "Puhajarve"]
[Date "2011.11.25"]
[Round "11"]
[White "Drugov, Pavel"]
[Black "Kulaots, Kaido"]
[Result "0-1"]
[WhiteElo "2348"]
[BlackElo "2577"]
[PlyCount "80"]
[EventDate "2011.11.25"]
[EventType "tourn (rapid)"]
[EventRounds "29"]
[EventCountry "EST"]
[SourceTitle "CBM 145 Extra"]
[Source "ChessBase"]
[SourceDate "2012.01.03"]
[SourceVersion "1"]
[SourceVersionDate "2012.01.03"]
[SourceQuality "1"]

1. Nf3 Nf6 2. c4 g6 3. g3 Bg7 4. Bg2 0-0 5. 0-0 d5 6. cxd5 Nxd5 7. d4 Nb6 8. Nc3 Nc6 9. e3 Re8 10. Qe2 e5 11. dxe5 Nxe5 12. Nxe5 Bxe5 13. Rd1 Qe7 14. Bd2 c6 15. Rac1 Be6 16. b3 Nd7 17. Na4 Rad8 18. Bc3 Bxc3 19. Nxc3 Ne5 20. h3 Qb4 21. Ne4 Nd7 22. Rd4 Qe7 23. Nd6 Rf8 24. Nxb7 Rb8 25. Na5 Qa3 26. Rxc6 Qxa5 27. Rxe6 fxe6 28. Rxd7 Rbd8 29. b4 Qxb4 30. Rxa7 Qd2 31. Qxd2 Rxd2 32. f4 Rc8 33. e4 Rc1+ 34. Kh2 Rcc2 35. Ra8+ Kf7 36. Ra7+ Ke8 37. Ra8+ Kd7 38. Ra7+ Kc8 39. h4 Rxg2+ 40. Kh3 h5 0-1

[Event "Marianske Lazne IM-B"]
[Site "Marianske Lazne"]
[Date "2011.01.21"]
[Round "8"]
[White "Drugov, Pavel"]
[Black "Mufic, Goran"]
[Result "1-0"]
[WhiteElo "2359"]
[BlackElo "2310"]
[PlyCount "62"]
[EventDate "2011.01.15"]
[EventType "tourn"]
[EventRounds "9"]
[EventCountry "CZE"]
[EventCategory "2"]
[SourceTitle "CBM 140 Extra"]
[Source "ChessBase"]
[SourceDate "2011.03.01"]
[SourceVersion "1"]
[SourceVersionDate "2011.03.01"]
[SourceQuality "1"]

1. d4 d5 2. c4 c6 3. Nf3 Nf6 4. Nc3 Bf5 5. cxd5 cxd5 6. Qb3 Qb6 7. Nxd5 Nxd5 8. Qxd5 e6 9. Qb3 Qxb3 10. axb3 Bc2 11. Bd2 Bxb3 12. e4 Bc2 13. Bb5+ Ke7 14. Rc1 Bxe4 15. Rc7+ Kd8 16. Rxf7 Bxf3 17. gxf3 Be7 18. Rxg7 Nc6 19. Bc3 Rc8 20. Rhg1 a6 21. Bd3 Bf6 22. Rxb7 Nxd4 23. Be4 Rc5 24. Rf7 Be5 25. f4 Ke8 26. Ra7 Nb5 27. Ra8+ Kd7 28. fxe5 Rxa8 29. Rg7+ Ke8 30. Bxa8 Nxc3 31. bxc3 Rxe5+ 1-0

[Event "Marianske Lazne IM-B"]
[Site "Marianske Lazne"]
[Date "2011.01.20"]
[Round "7"]
[White "Oparin, Grigoriy"]
[Black "Drugov, Pavel"]
[Result "0-1"]
[WhiteElo "2328"]
[BlackElo "2359"]
[PlyCount "82"]
[EventDate "2011.01.15"]
[EventType "tourn"]
[EventRounds "9"]
[EventCountry "CZE"]
[EventCategory "2"]
[SourceTitle "CBM 140 Extra"]
[Source "ChessBase"]
[SourceDate "2011.03.01"]
[SourceVersion "1"]
[SourceVersionDate "2011.03.01"]
[SourceQuality "1"]

1. e4 Nc6 2. d4 d5 3. e5 Bf5 4. f4 e6 5. Nf3 Nh6 6. Be3 Bg4 7. Be2 Nf5 8. Bf2 Be7 9. g3 g5 10. fxg5 Bxg5 11. c3 Be3 12. Bxe3 Nxe3 13. Qd2 Nc4 14. Qf4 Bxf3 15. Bxf3 Nxb2 16. 0-0 Qe7 17. Nd2 0-0-0 18. Be2 Na4 19. Rf3 Rdf8 20. Bb5 Qa3 21. Bxc6 bxc6 22. Qe3 c5 23. Nb3 c4 24. Nc5 Nxc5 25. dxc5 Kd7 26. Raf1 Kc6 27. Rxf7 Rxf7 28. Rxf7 Qxa2 29. Re7 Qb1+ 30. Kg2 Qc2+ 31. Kg1 Qg6 32. Qf2 Rb8 33. Qa2 Qb1+ 34. Qxb1 Rxb1+ 35. Kg2 d4 36. Rxe6+ Kd5 37. Rf6 dxc3 38. e6 c2 39. e7 Re1 40. Rf5+ Kd4 41. Rf1 Rxe7 0-1

[Event "Orsha"]
[Site "Orsha"]
[Date "2008.01.24"]
[Round "5"]
[White "Drugov, Pavel"]
[Black "Bulanov, Dmitri"]
[Result "1/2-1/2"]
[WhiteElo "2406"]
[BlackElo "2260"]
[PlyCount "45"]
[EventDate "2008.01.22"]
[EventType "tourn"]
[EventRounds "11"]
[EventCountry "BLR"]
[EventCategory "3"]
[SourceTitle "CBM 122 Extra"]
[Source "ChessBase"]
[SourceDate "2008.03.04"]
[SourceVersion "1"]
[SourceVersionDate "2008.03.04"]
[SourceQuality "1"]

1. d4 f5 2. g3 Nf6 3. Bg2 g6 4. Nh3 Bg7 5. Nc3 0-0 6. Nf4 Nc6 7. h4 d6 8. d5 Ne5 9. h5 c5 10. hxg6 hxg6 11. Ne6 Bxe6 12. dxe6 Rb8 13. Nd5 Nxd5 14. Bxd5 b5 15. 0-0 Ng4 16. c3 Qb6 17. Bg5 Bf6 18. Qd2 Kg7 19. e4 Rh8 20. exf5 gxf5 21. Qf4 Rh5 22. Bxf6+ Kxf6 23. b3 1/2-1/2

[Event "Orsha"]
[Site "Orsha"]
[Date "2008.01.22"]
[Round "1"]
[White "Drugov, Pavel"]
[Black "Kosov, Ivan"]
[Result "0-1"]
[WhiteElo "2406"]
[BlackElo "2365"]
[PlyCount "84"]
[EventDate "2008.01.22"]
[EventType "tourn"]
[EventRounds "11"]
[EventCountry "BLR"]
[EventCategory "3"]
[SourceTitle "CBM 122 Extra"]
[Source "ChessBase"]
[SourceDate "2008.03.04"]
[SourceVersion "1"]
[SourceVersionDate "2008.03.04"]
[SourceQuality "1"]

1. d4 d5 2. c4 c6 3. Nf3 e6 4. cxd5 exd5 5. Nc3 Bd6 6. Bg5 Ne7 7. e3 Bf5 8. Bd3 Bxd3 9. Qxd3 0-0 10. 0-0 f6 11. Bh4 Nd7 12. Bg3 Bxg3 13. hxg3 a5 14. a3 a4 15. Qc2 Qa5 16. b4 axb3 17. Qxb3 b5 18. e4 Nb6 19. exd5 Nexd5 20. Nxd5 Nxd5 21. Rfc1 Qa6 22. Nd2 Rfe8 23. Qc2 Re2 24. Qd3 Re7 25. Ne4 b4 26. Qxa6 Rxa6 27. Nd6 bxa3 28. Kf1 g6 29. Nc4 a2 30. Rc2 Nb4 31. Rb2 Nd3 32. Rb8+ Kg7 33. Ne3 Ra3 34. Rb6 Rea7 35. Ke2 Rc3 36. Kd2 Rc1 37. Nc2 Rxa1 38. Nxa1 Nxf2 39. Ke3 Ng4+ 40. Kf4 h5 41. Rxc6 Re7 42. Nc2 a1Q 0-1

[Event "Petrovskaya Ladya A2"]
[Site "Peterhof"]
[Date "2006.08.19"]
[Round "9"]
[White "Drugov, Pavel"]
[Black "Kaliberda, Vladimir"]
[Result "1-0"]
[WhiteElo "2337"]
[BlackElo "2397"]
[PlyCount "41"]
[EventDate "2006.08.14"]
[EventType "tourn"]
[EventRounds "11"]
[EventCountry "RUS"]
[EventCategory "1"]
[SourceTitle "EXT 2007"]
[Source "ChessBase"]
[SourceDate "2006.11.23"]
[SourceVersion "1"]
[SourceVersionDate "2006.11.23"]
[SourceQuality "1"]

1. e4 c5 2. c3 d5 3. exd5 Qxd5 4. d4 Nc6 5. Nf3 Bg4 6. Be2 Nf6 7. c4 Qd8 8. d5 Bxf3 9. Bxf3 Nd4 10. 0-0 g6 11. Be3 Nf5 12. Qa4+ Qd7 13. Qxd7+ Nxd7 14. Bd2 Bg7 15. Nc3 a6 16. Rfe1 Rb8 17. Bf4 Rc8 18. d6 e6 19. Bxb7 Rb8 20. Bc6 Rxb2 21. Nd5 1-0

[Event "Petrovskaya Ladya A2"]
[Site "Peterhof"]
[Date "2006.08.16"]
[Round "5"]
[White "Kobzar, Alexandr"]
[Black "Drugov, Pavel"]
[Result "0-1"]
[WhiteElo "2085"]
[BlackElo "2337"]
[PlyCount "66"]
[EventDate "2006.08.14"]
[EventType "tourn"]
[EventRounds "11"]
[EventCountry "RUS"]
[EventCategory "1"]
[SourceTitle "EXT 2007"]
[Source "ChessBase"]
[SourceDate "2006.11.23"]
[SourceVersion "1"]
[SourceVersionDate "2006.11.23"]
[SourceQuality "1"]

1. e4 Nc6 2. Nf3 d6 3. d4 Nf6 4. Nc3 Bg4 5. Bb5 a6 6. Bxc6+ bxc6 7. 0-0 e6 8. Be3 Be7 9. h3 Bh5 10. Re1 0-0 11. Bg5 h6 12. Bh4 Nxe4 13. Bxe7 Nxc3 14. Bxd8 Nxd1 15. Bxc7 Nxb2 16. Bxd6 Rfd8 17. Ba3 Na4 18. Red1 Bxf3 19. gxf3 Nc3 20. Rd2 Rxd4 21. Rxd4 Ne2+ 22. Kg2 Nxd4 23. Bd6 Rd8 24. Be5 Nxc2 25. Rc1 Nb4 26. Rc4 Nd3 27. Bc7 Rc8 28. Bd6 c5 29. Kf1 Rc6 30. Be7 Rc7 31. Bd8 Rd7 32. Bb6 Rb7 33. Ba5 Rb2 0-1

[Event "Petrovskaya Ladya"]
[Site "Peterhof"]
[Date "2006.01.08"]
[Round "6"]
[White "Drugov, Pavel"]
[Black "Itkis, Boris"]
[Result "1/2-1/2"]
[WhiteElo "2318"]
[BlackElo "2474"]
[PlyCount "22"]
[EventDate "2006.01.03"]
[EventType "tourn"]
[EventRounds "11"]
[EventCountry "RUS"]
[EventCategory "3"]
[SourceTitle "CBM 110 Extra"]
[Source "ChessBase"]
[SourceDate "2006.03.10"]
[SourceVersion "2"]
[SourceVersionDate "2006.03.10"]
[SourceQuality "1"]

1. d4 d5 2. c4 c6 3. Nf3 dxc4 4. e3 Be6 5. Qc2 Nf6 6. Bxc4 Bxc4 7. Qxc4 e6 8. 0-0 Be7 9. Nc3 Nbd7 10. Rd1 0-0 11. e4 Rc8 1/2-1/2

[Event "Petrovskaya Ladya"]
[Site "Peterhof"]
[Date "2006.01.08"]
[Round "7"]
[White "Utkin, Aleksey"]
[Black "Drugov, Pavel"]
[Result "1-0"]
[WhiteElo "2378"]
[BlackElo "2318"]
[PlyCount "135"]
[EventDate "2006.01.03"]
[EventType "tourn"]
[EventRounds "11"]
[EventCountry "RUS"]
[EventCategory "3"]
[SourceTitle "CBM 110 Extra"]
[Source "ChessBase"]
[SourceDate "2006.03.10"]
[SourceVersion "2"]
[SourceVersionDate "2006.03.10"]
[SourceQuality "1"]

1. d4 Nf6 2. Nf3 g6 3. Bg5 Bg7 4. Nbd2 d5 5. e3 Bf5 6. Bd3 Bxd3 7. cxd3 0-0 8. 0-0 c6 9. e4 Na6 10. Qb3 Qc7 11. Rac1 e6 12. Rfe1 Qb6 13. Qa3 Rfe8 14. Rc3 Nd7 15. Qd6 Qc7 16. Qa3 Qb6 17. Be7 Nc7 18. Qd6 Bf8 19. Bxf8 Nxf8 20. a4 Rad8 21. Qf4 dxe4 22. dxe4 Re7 23. Qh4 Red7 24. Nc4 Qb4 25. Nce5 Qxb2 26. Nxd7 Rxd7 27. Rce3 Qb4 28. Ne5 Qe7 29. Qxe7 Rxe7 30. Rb3 Ne8 31. Reb1 Nd6 32. f3 Rc7 33. Ng4 b5 34. e5 Nc4 35. Nf6+ Kh8 36. Rc3 a6 37. Kf2 Nd7 38. Ne8 Ra7 39. Nd6 Ndb6 40. Ra1 Nd5 41. Rcc1 Nb4 42. Ke2 Nxd6 43. exd6 Rd7 44. Rab1 a5 45. axb5 cxb5 46. Rc5 Rxd6 47. Rxb5 Nd5 48. Kd3 Nf4+ 49. Ke4 Nd5 50. Ke5 Rc6 51. Rxd5 exd5 52. Kxd5 Rc2 53. Ke5 Kg7 54. d5 Re2+ 55. Kd6 Rxg2 56. Ke7 Re2+ 57. Kd7 Rxh2 58. d6 h5 59. Ke8 Re2+ 60. Kd8 Kf6 61. d7 Rd2 62. Rb6+ Ke5 63. Ke7 h4 64. f4+ Kxf4 65. Rd6 Rxd6 66. Kxd6 h3 67. d8Q h2 68. Qh4+ 1-0

[Event "Chigorin Memorial 13th"]
[Site "St Petersburg"]
[Date "2005.10.20"]
[Round "6"]
[White "Drugov, Pavel"]
[Black "Loginov, Valery A"]
[Result "1/2-1/2"]
[WhiteElo "2277"]
[BlackElo "2527"]
[PlyCount "123"]
[EventDate "2005.10.15"]
[EventType "swiss"]
[EventRounds "9"]
[EventCountry "RUS"]
[SourceTitle "CBM 108 Extra"]
[Source "ChessBase"]
[SourceDate "2005.11.04"]
[SourceVersion "1"]
[SourceVersionDate "2005.11.04"]
[SourceQuality "1"]

1. e4 c5 2. c3 d5 3. exd5 Qxd5 4. d4 Nf6 5. Nf3 Bg4 6. Be2 e6 7. 0-0 Nc6 8. Na3 cxd4 9. Nb5 Rc8 10. Nbxd4 Nxd4 11. Nxd4 Bxe2 12. Qxe2 a6 13. Rd1 Be7 14. Nf3 Qe4 15. Qxe4 Nxe4 16. Be3 f6 17. Rd4 Nd6 18. Rad1 Rc6 19. Nd2 Nf5 20. Rd3 Nxe3 21. fxe3 Kf7 22. Ne4 Rb8 23. a4 f5 24. Nd2 Rd8 25. Rxd8 Bxd8 26. Nf3 Ke8 27. Kf2 Bb6 28. Ne5 Rc8 29. Rd6 Bc7 30. Rxe6+ Kf8 31. Nf3 Rd8 32. h3 Rd1 33. g4 fxg4 34. hxg4 Rb1 35. b4 Rb2+ 36. Kf1 Rc2 37. Re4 Rxc3 38. Ng5 h6 39. Ne6+ Kf7 40. Nxc7 Rxc7 41. Ke2 Kf6 42. Kf3 g6 43. a5 Rd7 44. Rc4 Rd5 45. Kf4 Rb5 46. Rd4 Ke6 47. Kf3 h5 48. gxh5 gxh5 49. Rh4 Kf6 50. Rd4 Rf5+ 51. Kg3 Ke6 52. Rc4 Kf6 53. Rc7 Rb5 54. Rc4 Kg5 55. Rd4 Kf5 56. Rh4 Ke6 57. Rd4 Rd5 58. Rc4 Kd6 59. Kf4 Rb5 60. Rd4+ Ke6 61. Kg3 Rf5 62. Rc4 1/2-1/2

[Event "Chigorin Memorial 13th"]
[Site "St Petersburg"]
[Date "2005.10.15"]
[Round "1"]
[White "Yevseev, Denis"]
[Black "Drugov, Pavel"]
[Result "1-0"]
[WhiteElo "2554"]
[BlackElo "2277"]
[PlyCount "81"]
[EventDate "2005.10.15"]
[EventType "swiss"]
[EventRounds "9"]
[EventCountry "RUS"]
[SourceTitle "CBM 108 Extra"]
[Source "ChessBase"]
[SourceDate "2005.11.04"]
[SourceVersion "1"]
[SourceVersionDate "2005.11.04"]
[SourceQuality "1"]

1. d4 Nf6 2. c4 g6 3. Nc3 Bg7 4. e4 0-0 5. Be2 d6 6. Nf3 e5 7. Be3 Ng4 8. Bg5 f6 9. Bc1 Nc6 10. d5 Nd4 11. Nxd4 exd4 12. Nb5 f5 13. 0-0 Bd7 14. exf5 gxf5 15. Bf4 Be5 16. Qd2 Kh8 17. Nxd4 Rg8 18. Bxg4 Rxg4 19. Bxe5+ dxe5 20. Nf3 Qf6 21. Qc3 Re8 22. Rae1 Re4 23. Rxe4 fxe4 24. Nd2 Qf4 25. Qe3 Bf5 26. Re1 Rg8 27. Nxe4 Bg4 28. Qxf4 exf4 29. Nf6 Rg6 30. Re8+ Kg7 31. Nxg4 Rxg4 32. f3 Rg6 33. Re7+ Kf6 34. Rxc7 Ke5 35. Re7+ Kd4 36. Re4+ Kd3 37. Rxf4 Rb6 38. b3 Ra6 39. h4 Rxa2 40. d6 Kc3 41. Rf5 1-0